000 00974nam a2200217Ia 4500
999 _c37407
_d37407
001 3366
003 GE_BSU
005 20190606152733.0
008 181216s1986|||| |||||||||||||| ||geo||
040 _cGE_BSU
041 _ageo
080 _a621.01(075.8) ო–73
100 _aოსიპოვა, ა.
_92223
245 _aმექანიზმების თეორია (საკურსო დაპროექტება) : სახელმძღვ. /
_cა. ოსიპოვა ; ნ. დავითაშვილი ; რედ : დ .დავითური.
264 _aთბილისი :
_bგანათლება,
_c1986.
300 _a322 გვ .:
_bნახაზები;
_c27 სმ.
653 _aმექანიზმების თეორია
700 _a დავითაშვილი, ნ.
_92224
700 _aდავითური, დ
_eრედაქტორი
_9950
942 _cBK
_2udc